• 首页
  • 本馆介绍
  • 公告通知
  • 最新文献
  • 馆藏检索
  • 电子资源
  • 读者导购
  • 参考咨询
  • 我的图书馆
  • 登录
  • 详细信息显示
  • 放入我的书架
  • 预约/预借图书
  • 作者相关作品
  • 分类相关作品
  • 丛书相关作品
  • 出版社相关作品

书目信息

  • 表格格式
  • 工作单格式
  • 卡片格式
题名:
跟着节日去旅行
    
 
作者: 杨小波 著 ;徐秀如 绘
分册:   春季篇
出版信息: 北京   中国盲文出版社  2019.08
页数: 135页
开本: 21cm
丛书名:
单 册:
中图分类: K891.1-49
科图分类:
主题词: 节日--风俗习惯--世界--儿童读物
电子资源:
ISBN: 978-7-5002-8017-0
000 01228nam0 2200241 450
001 0102100417
005 20210402100820.0
010    @a978-7-5002-8017-0@dCNY22.00
100    @a20200713d2019 cd y0chiy50 ea
101 0  @achi
102    @aCN@b110000
105    @aa z 000yy
106    @ar
200 1  @a跟着节日去旅行@Agen zhe jie ri qu lv xing@i春季篇@f杨小波著@g徐秀如绘
210    @a北京@c中国盲文出版社@d2019.08
215    @a135页@c图@d21cm
330    @a本书引进台湾萤火虫出版社版权,全套四本,按季节分册,分别介绍每个季节中的节日,读者对象为小学低年级儿童,也可作为学龄前儿童的亲子读物。这一本《跟着节日去旅行春季篇》主要包含“春天来了”“清明节”“愚人节”“劳动节”“母亲节”几个版块的内容,每个节日下设不同单元,有介绍节日来历的掌故传说,有由这个节日衍生出来的原创故事,有和这个节日相关的诗词歌赋,有同一节日世界各地不同的风俗习惯,也会教小朋友亲手制作节日点心、节日礼品等等,内容涵盖丰富,语言生动有趣,配以插图,是一本很好的帮助孩子认识节日、了解节日典故、进行中华传统文化渗透的儿童读物。
606 0  @a节日@x风俗习惯@y世界@j儿童读物
690    @aK891.1-49@v5
701  0 @a杨小波@AYang Xiao Bo@4著
702  0 @a徐秀如@Axu xiu ru@4绘
801  0 @aCN@bBJSZM@c20210402
905    @b1275349-52@dK891.1-49@e352@f4
    
    跟着节日去旅行.春季篇/杨小波著/徐秀如绘.-北京:中国盲文出版社,2019.08
    135页:图;21cm
    
    
    ISBN 978-7-5002-8017-0:CNY22.00
    本书引进台湾萤火虫出版社版权,全套四本,按季节分册,分别介绍每个季节中的节日,读者对象为小学低年级儿童,也可作为学龄前儿童的亲子读物。这一本《跟着节日去旅行春季篇》主要包含“春天来了”“清明节”“愚人节”“劳动节”“母亲节”几个版块的内容,每个节日下设不同单元,有介绍节日来历的掌故传说,有由这个节日衍生出来的原创故事,有和这个节日相关的诗词歌赋,有同一节日世界各地不同的风俗习惯,也会教小朋友亲手制作节日点心、节日礼品等等,内容涵盖丰富,语言生动有趣,配以插图,是一本很好的帮助孩子认识节日、了解节日典故、进行中华传统文化渗透的儿童读物。
●
相关链接 在E读中查询图书 在五车中查询图书 在当当中查询图书 在豆瓣中查询图书


正题名:跟着节日去旅行     索取号:K891.1-49/352         预约/预借

序号 登录号 条形码 馆藏地/架位号 状态 备注
1 1275349   212753493   第二样本阅览室/ [索取号:K891.1-49/352] 在馆    
2 1275350   212753509   教育系资料室/ [索取号:K891.1-49/352] 在馆    
3 1275351   212753518   教育系资料室/ [索取号:K891.1-49/352] 在馆    
4 1275352   212753527   第二借阅区/ [索取号:K891.1-49/352] 在馆    
唐山师范学院图书馆 欢迎您!
大连网信软件有限公司© 版权所有